Loading...
| Arts - Music | 4 | 22.50 | 100% | 100% | 25% |
| Arts - Other Arts | 6 | 13.33 | 100% | 33% | 0% |
| Arts - Painting | 6 | 10.00 | 100% | 0% | 0% |
| History - American History | 5 | 8.00 | 80% | 0% | 0% |
| History - European | 4 | 20.00 | 100% | 75% | 25% |
| History - Other History | 4 | 22.50 | 100% | 100% | 25% |
| History - World | 1 | 20.00 | 100% | 0% | 100% |
| History - World History | 4 | 17.50 | 75% | 75% | 25% |
| Literature - American Lit | 5 | 10.00 | 100% | 0% | 0% |
| Literature - British Lit | 2 | 10.00 | 100% | 0% | 0% |
| Literature - European Lit | 3 | 10.00 | 100% | 0% | 0% |
| Literature - World Lit | 2 | 10.00 | 100% | 0% | 0% |
| Mythology | 4 | 12.50 | 100% | 25% | 0% |
| Other - Geo/CE | 5 | 14.00 | 100% | 40% | 0% |
| Other Academic | 3 | 16.67 | 67% | 100% | 0% |
| Pop Culture | 5 | 12.00 | 100% | 0% | 20% |
| Religion | 4 | 12.50 | 100% | 25% | 0% |
| Science - Biology | 1 | 0.00 | 0% | 0% | 0% |
| Science - Chemistry | 5 | 20.00 | 80% | 80% | 40% |
| Science - Other Science | 4 | 12.50 | 100% | 25% | 0% |
| Science - Physics | 5 | 14.00 | 100% | 40% | 0% |
| Thought - Philosophy | 5 | 16.00 | 100% | 60% | 0% |
| Thought - Social Science | 4 | 17.50 | 100% | 50% | 25% |